Gone with the Wind Franchise - Statistics

General Stats
  • This quiz has been taken 19 times
  • The average score is 5 of 11
Answer Stats
Type Year Name Info % Correct
Novel 1936 Gone with the Wind Margaret Mitchell
100%
Film 1939 Gone with the Wind Loew's Inc.
100%
Musical 2008 Gone with the Wind Margaret Martin
100%
Musical 1970 Scarlett Harold Rome
56%
Novel 1991 Scarlett Alexandra Ripley
56%
TV Mini-Series 1994 Scarlett CBS
56%
Novel 2007 Rhett Butler's People Donald McCaig
6%
Novel 2001 The Wind Done Gone Alice Randall
6%
Musical 2006 Autant en Emporte le Vent Gerard Presgurvic
0%
Documentary 1988 The Making of a Legend: Gone with the Wind Turner Entertainment / MGM
0%
TV Film 1980 The Scarlett O'Hara War NBC
0%
No matching quizzes found
Score Distribution
Percent of People with Each Score
Percentile by Number Answered
Your Score History
You have not taken this quiz